Colombia menos vulnerable : (Registro nro. 4569)
[ vista simple ]
| 000 -LEADER | |
|---|---|
| fixed length control field | 01472nam a2200217Ia 4500 |
| 003 - CONTROL NUMBER IDENTIFIER | |
| control field | OSt |
| 005 - DATE AND TIME OF LATEST TRANSACTION | |
| control field | 20200908125252.0 |
| 008 - FIXED-LENGTH DATA ELEMENTS--GENERAL INFORMATION | |
| fixed length control field | 191128s2018 ck ao gr 000 0 spa d |
| 020 ## - INTERNATIONAL STANDARD BOOK NUMBER | |
| International Standard Book Number | 9789585601772 |
| 040 ## - CATALOGING SOURCE | |
| Original cataloging agency | CO-JMCR |
| Transcribing agency | CO-JMCR |
| 041 0# - LANGUAGE CODE | |
| Language code of text/sound track or separate title | spa |
| 082 04 - DEWEY DECIMAL CLASSIFICATION NUMBER | |
| Classification number | 363.3409861 / |
| Item number | C718c |
| Edition number | 23 |
| 245 00 - TITLE STATEMENT | |
| Title | Colombia menos vulnerable : |
| Remainder of title | la gestión del riesgo de desastres en nuestra historia / |
| 260 ## - PUBLICATION, DISTRIBUTION, ETC. | |
| Place of publication, distribution, etc. | Bogotá : |
| Name of publisher, distributor, etc. | Unidad Nacional para la Gestión del Riesgo de Desastres, |
| Date of publication, distribution, etc. | [2018] |
| 300 ## - PHYSICAL DESCRIPTION | |
| Extent | 4 volúmenes : |
| Other physical details | fotografías a color ; |
| Dimensions | 28 cm. |
| 504 ## - BIBLIOGRAPHY, ETC. NOTE | |
| Bibliography, etc. note | Bibliografía al final del tomo 4. |
| 505 0# - FORMATTED CONTENTS NOTE | |
| Formatted contents note | v.1. Y una noche Mocoa se desvaneció -- Momento de revisar el cómo -- El camino de aprendizaje: siglo XX: tragedias imborrables -- Jueves santo y terrible en Popayán -- El día que Armero desapareció. -- v.2. Un sistema -- Murindó: terremoto doble -- Tierradentro: el día que cayeron las montañas -- Una capital en ruinas -- Está lloviendo sobre mojado -- v.3. La nueva mirada -- Space: evacuación que salvó vidas -- Salgar: la furia de una tormenta -- Santanderes: el reto de la reconstrucción - -Frontera: y un día tuvieron que partir -- v.4.Un niño con lecciones -- Mocoa avanza -- Manizales, después de la tormenta -- Ordenamiento territorial: debate del futuro -- Las cartas de navegación |
| 650 14 - SUBJECT ADDED ENTRY--TOPICAL TERM | |
| Topical term or geographic name entry element | Prevención de desastres |
| General subdivision | historia |
| Form subdivision | fotografía |
| Geographic subdivision | Colombia |
| 9 (RLIN) | 9954 |
| 650 14 - SUBJECT ADDED ENTRY--TOPICAL TERM | |
| Topical term or geographic name entry element | Gestión del riesgo |
| Geographic subdivision | Colombia |
| 9 (RLIN) | 9955 |
| 942 ## - ADDED ENTRY ELEMENTS (KOHA) | |
| Source of classification or shelving scheme | Dewey Decimal Classification |
| Koha item type | Books |
| Withdrawn status | Lost status | Source of classification or shelving scheme | Damaged status | Not for loan | Collection code | Home library | Current library | Date acquired | Source of acquisition | Full call number | Barcode | Date last seen | Copy number | Koha item type | Total Checkouts | Date last checked out | Price effective from |
|---|---|---|---|---|---|---|---|---|---|---|---|---|---|---|---|---|---|
| Dewey Decimal Classification | Non-fiction | Biblioteca Pública José María del Castillo y Rada | Biblioteca Pública José María del Castillo y Rada | 12/12/2018 | Donación | 363.3409861 / C718c | 201809499 | 05/16/2024 | V.2 / Ej.1 | Books | |||||||
| Dewey Decimal Classification | Non-fiction | Biblioteca Pública José María del Castillo y Rada | Biblioteca Pública José María del Castillo y Rada | 12/12/2018 | Donación | 363.3409861 / C718c | 201809501 | 04/01/2025 | V.1 / Ej.1 | Books | 1 | 03/25/2025 | 09/08/2020 | ||||
| Dewey Decimal Classification | Non-fiction | Biblioteca Pública José María del Castillo y Rada | Biblioteca Pública José María del Castillo y Rada | 12/12/2018 | Donación | 363.3409861 / C718c | 201809500 | 05/16/2024 | V.3 / Ej.1 | Books | 09/08/2020 | ||||||
| Dewey Decimal Classification | Non-fiction | Biblioteca Pública José María del Castillo y Rada | Biblioteca Pública José María del Castillo y Rada | 12/12/2018 | Donación | 363.3409861 / C718c | 201809502 | 04/01/2025 | V.4 / Ej.1 | Books | 1 | 03/25/2025 | 09/08/2020 |